Economic policy and the transition to democracy: (Record no. 5548)

MARC details
000 -LEADER
fixed length control field 00718nam a22002177a 4500
003 - CONTROL NUMBER IDENTIFIER
control field OSt
005 - DATE AND TIME OF LATEST TRANSACTION
control field 20170215171455.0
008 - FIXED-LENGTH DATA ELEMENTS--GENERAL INFORMATION
fixed length control field 170214b xxu||||| |||| 00| 0 eng d
020 ## - INTERNATIONAL STANDARD BOOK NUMBER
International Standard Book Number 031212645x
040 ## - CATALOGING SOURCE
Transcribing agency 040a
082 ## - DEWEY DECIMAL CLASSIFICATION NUMBER
Classification number 338.98
Item number ECO 1996
245 ## - TITLE STATEMENT
Title Economic policy and the transition to democracy:
Remainder of title the Latin American experience/
Statement of responsibility, etc. Juan Antinio Morales, Gary McMahon
260 ## - PUBLICATION, DISTRIBUTION, ETC. (IMPRINT)
Place of publication, distribution, etc. New York
Name of publisher, distributor, etc. St.Martin Press
Date of publication, distribution, etc. 1996
300 ## - PHYSICAL DESCRIPTION
Extent xvii,242p;
Dimensions 10cm.
440 ## - SERIES STATEMENT/ADDED ENTRY--TITLE
Title International political economy series
9 (RLIN) 970
504 ## - BIBLIOGRAPHY, ETC. NOTE
Bibliography, etc Includes bibliographical references and index
650 ## - SUBJECT ADDED ENTRY--TOPICAL TERM
Topical term or geographic name as entry element Economic policy
9 (RLIN) 7613
700 ## - ADDED ENTRY--PERSONAL NAME
Personal name Morales, Juan Antonio
9 (RLIN) 11575
700 ## - ADDED ENTRY--PERSONAL NAME
Personal name McMahon, Gary
9 (RLIN) 11576
942 ## - ADDED ENTRY ELEMENTS (KOHA)
Source of classification or shelving scheme Dewey Decimal Classification
Koha item type Open Shelf
Holdings
Withdrawn status Lost status Source of classification or shelving scheme Damaged status Not for loan Home library Current library Date acquired Source of acquisition Inventory number Total Checkouts Full call number Barcode Date last seen Price effective from Koha item type
    Dewey Decimal Classification     MUST Main Library MUST Main Library 14/02/2017   2003/20063   338.98 ECO 1996 2017-0197 14/02/2017 14/02/2017 Open Shelf